| 000 | 00911pam a2200277 a 4500 | ||
|---|---|---|---|
| 999 |
_c2952 _d2952 |
||
| 001 | 43403521 | ||
| 003 | OCoLC | ||
| 005 | 20181019154940.0 | ||
| 008 | 000119s2000 miu bd 000 0 eng | ||
| 010 | _a00024983 | ||
| 020 | _a0801021359 | ||
| 040 |
_aDLC _cDLC |
||
| 050 | 0 | 0 |
_aPA881 _b.F75 2000 |
| 082 | 0 | 0 |
_aREF 487.4 _221 _bF897A |
| 100 | 1 | _aFriberg, Timothy | |
| 245 | 1 | 0 |
_aAnalytical lexicon of the Greek New Testament / _cTimothy Friberg, Barbara Friberg, Neva F. Miller |
| 260 |
_aGrand Rapids, Mich. : _bBaker Books, _cc2000 |
||
| 300 |
_a439 p. ; _c27 cm |
||
| 440 | 0 |
_aBaker's Greek New Testament library ; _v4 |
|
| 504 | _aIncludes bibliographical references (p. 25-[26]) | ||
| 630 | 0 | 0 |
_aBible. _pNew Testament _xLanguage, style _vDictionaries |
| 650 | 0 |
_aGreek language, Biblical _vGlossaries, vocabularies, etc |
|
| 700 | 1 | _aFriberg, Barbara | |
| 700 | 1 | _aMiller, Neva F | |
| 942 |
_2ddc _cREF |
||